Kraje/regiony w których potrzebna jest wiza z paszportem polskim - Statystyki

Ogólne statystyki
  • Ten quiz został rozwiązany 32 razy
  • Średni wynik to 18 z 38
Statystyki odpowiedzi
Wiza: Kraj/Region: % Poprawnych
E-wiza Rosja
96%
Normalna Korea Północna
84%
Normalna Afganistan
56%
Normalna Demokratyczna Republika Konga
56%
E-wiza Gwinea
56%
E-wiza Gwinea Równikowa
56%
Normalna Jemen
56%
Normalna Libia
56%
Normalna Sudan
56%
Normalna Sudan Południowy
56%
Normalna Ghana
52%
Normalna Kongo
52%
E-wiza Syria
52%
Normalna Algieria
48%
Normalna Czad
48%
E-wiza Indie
48%
Normalna Kuba
48%
Normalna Niger
48%
Normalna Nigeria
48%
E-wiza Benin
44%
Normalna Bhutan
44%
E-wiza Togo
44%
Normalna Turkmenistan
44%
E-wiza Wietnam
44%
Normalna Erytrea
40%
Normalna Republika Środkowoafrykańska
40%
E-wiza Australia
36%
E-wiza Gabon
36%
Normalna Liberia
36%
Normalna Mali
36%
E-wiza Uganda
36%
E-wiza Kamerun
32%
E-wiza Lesotho
32%
E-wiza Papua Nowa-Gwinea
32%
E-wiza Azerbejdżan
28%
Normalna Gujana
28%
Normalna Wybrzeże Kości Słoniowej
28%
Normalna Nauru
20%
Nie znaleziono quizów pasujących do podanych kryteriów
Rozkład punktacji
Procent ludzi z każdym wynikiem
Percentyl według liczby udzielonych odpowiedzi
Twoja historia wyników
Nie rozwiązałeś tego quizu